00805nam a2200181 a 450000100100000000500170001000800410002704000250006808200150009310000330010824501230014126000450026430000330030950000320034295201130037495201190048799900170060600002864120200930055042.0110411s1994 dr d 000 0 spa d aDO-SdBNPbspacBNPHU axxxbV335s1 aVásquez H., Luis F.95560313aEl seguro de interrupción de negocio :bUn analisis teórico-práctico y manual de trabajo /cLuis F. Vásquez H. aSanto Domingo :bImpresora Angel,c1994. a197 p. :bdiagrama ;c28 cm. aIncluye índice temático 0010718PDaPDbPDcHDd2011-04-11iLF1l0oxxx V335sp28641-10r2020-06-25w2020-06-25yLFPDZNo se presta 0010718PDaPDbPDcCTd2011-04-12iLF1l0oxxx V335sp28641-20r2020-06-25te. 2w2020-06-25yLFPDZNo se presta c28133d28133